• 首页
  • 本馆介绍
  • 公告通知
  • 最新文献
  • 馆藏检索
  • 电子资源
  • 读者导购
  • 参考咨询
  • 我的图书馆
  • 登录
  • 详细信息显示
  • 放入我的书架
  • 预约/预借图书
  • 作者相关作品
  • 分类相关作品
  • 丛书相关作品
  • 出版社相关作品

书目信息

  • 表格格式
  • 工作单格式
  • 卡片格式
题名:
水环境监测
    
 
作者: 姚运先 主编
分册:  
出版信息: 北京   化学工业出版社  2005
页数: 327页
开本: 21cm
丛书名:
单 册:
中图分类: X832
科图分类:
主题词: 水质监测--高等教育--教材 , 水质监测
电子资源:
ISBN: 7-5025-6709-7
000 00830nam0 2200265 450
001 002905565
005 20070720112625.96
010    @a7-5025-6709-7@dCNY18.00
035    @a002905565
100    @a20050627d2005 em y0chiy0110 ea
101 0  @achi
102    @aCN@b110000
105    @ay z 000yy
106    @ar
200 1  @a水环境监测@Ashui huan jing jian ce@f姚运先主编@Fyao yun xian zhu bian
210    @a北京@c化学工业出版社@d2005
215    @a327页@d21cm
300    @a教育部高职高专规划教材
330    @a本教材重点介绍了涉及水环境监测中监测方案的制定,水样的采集、保存与预处理新技术,监测分析质量保证与质量控制技术等内容。
606 0  @a水质监测@x高等教育@j教材
606 0  @a水质监测
690    @aX832@v4
701  0 @a姚运先@Ayao yun xian@c(环境保护)@4主编
801  0 @aCN@bNLC@c20070720
905    @dX832@e91@f5
    
    水环境监测/姚运先主编.-北京:化学工业出版社,2005
    327页;21cm
    教育部高职高专规划教材
    
    ISBN 7-5025-6709-7:CNY18.00
    本教材重点介绍了涉及水环境监测中监测方案的制定,水样的采集、保存与预处理新技术,监测分析质量保证与质量控制技术等内容。
●
相关链接 在E读中查询图书 在五车中查询图书 在当当中查询图书 在豆瓣中查询图书


正题名:水环境监测     索取号:X832/91         预约/预借

序号 登录号 条形码 馆藏地/架位号 状态 备注
1 0850318   208503181   第二样本阅览室/ [索取号:X832/91] 在馆    
2 0850319   208503190   第三借阅区/ [索取号:X832/91] 在馆    
3 0850320   208503207   第三借阅区/ [索取号:X832/91] 在馆    
4 0850321   208503216   第三借阅区/ [索取号:X832/91] 在馆    
5 0850322   208503225   第三借阅区/ [索取号:X832/91] 在馆    
唐山师范学院图书馆 欢迎您!
大连网信软件有限公司© 版权所有